000 00834nam a2200265 4500
001 116807
003 ES-MaACL
005 20230906190755.0
007 t|
008 061121s1983 sp r ||||1| spa d
020 _a84-306-1221-1
080 _a75.047(46)"18"(04)
080 _a712(0:860)
100 1 _aPena, María del Carmen.
_990137
245 1 0 _aPintura de paisaje e ideología
_b: la generación del 98 /
_cMaría del Carmen Pena.
260 _aMadrid :
_bTaurus,
_c1983.
300 _a140 p., 27 lám. col. y n. ;
_c21 cm.
490 1 _aEnsayistas ;
_v221
650 4 _aPintura de paisaje-
_zEspaña.
_916030
650 4 _aPaisaje-
_xEn la literatura.
_915789
650 4 _aGeneración del 98 (Literatura)
_913051
830 1 _aEnsayistas ;
_v221
_9177257
852 _aES-MaACL
_jL-4993
999 _c116807
_d116807